CD Leganés Squad 2025-2026 - Statistics

General Stats
  • This quiz has been taken 33 times
    4 since last reset
  • The average score is 21 of 28
Answer Stats
# Position Nation Player % Correct
23 FW Spain Álex Millán
100%
26 MF Spain Carlos Guirao
100%
11 FW Cape Verde Duk
100%
15 DF Spain Enric Franquesa
100%
16 MF Spain Gonzalo Melero
100%
5 DF Spain Ignasi Miquel
100%
- Coach Spain Igor Oca
100%
10 FW Spain Juan Cruz
100%
1 GK Spain Juan Soriano
100%
- Coach Spain Paco López
100%
14 MF Spain Roberto López
100%
8 MF Guinea Seydouba Cissé
100%
24 MF Guinea Amadou Diawara
75%
9 MF Spain Dani Rodríguez
75%
19 FW Spain Diego García
75%
2 DF Spain Marvel
75%
9 FW Spain Miguel de la Fuente
75%
13 GK Spain Miguel San Román
75%
7 DF Spain Rubén Peña
75%
6 DF Spain Lalo Aguilar
50%
12 FW Equatorial Guinea Luis Asué
50%
17 FW Spain Naim García
50%
20 FW Spain Óscar Plano
50%
22 DF Uruguay Sebastián Figueredo
50%
21 FW Spain Andrés Campos
25%
18 FW Belgium Benjamin Pauwels
25%
3 DF Spain Jorge Sáenz
25%
4 DF Spain Rubén Pulido
25%
No matching quizzes found
Score Distribution
Percent of People with Each Score
Percentile by Number Answered
Your Score History
You have not taken this quiz since the last reset